Scritti in onore di Edoardo Ghera Tomo I

Detalles Bibliográficos
Formato: eBook
Lenguaje:italiano
Publicado: Bari : Cacucci Editore, 2008
Materias:
Acceso en línea:http://www.vlex.com/source/6810

MARC

LEADER 00000nam a22000007a 4500
005 20130214181048.0
007 cr|||| ||||
008 130214e2008 it |||||s|||| 00| 0 ita d
020 |a 8884227801 
035 |a 6810 
040 |a vLex 
090 |c 3637  |d 3637 
245 0 0 |a Scritti in onore di Edoardo Ghera  |b Tomo I  |h [Recurso electrn̤ico]  
256 |a Servicio en ln̕ea 
260 |a Bari :  |b Cacucci Editore,   |c 2008  
300 |a 1 Recurso electrn̤ico 
650 0 4 |a Historia del Derecho 
740 |a vLex Libros (Servicio en ln̕ea) 
856 |a Acceso restringido  |u http://www.vlex.com/source/6810 
942 |c BOOK 
999 0 |a Law